De la Terre à la rue - Zoom progressif avec carte n°1 - Statistiques

Statistiques générales
  • Ce quiz a été pris 2 401 fois
  • Le résultat moyen est 6 sur 8
Réponses sur la Carte
Les réponses sont colorées sur une échelle allant du rouge au vert en fonction du pourcentage des utilisateurs qui les ont devinées à leur premier essai. Vous pouvez retrouver ces pourcentages ci-dessous.
 
Statistiques - réponses
Echelles Réponses % Correct
Continent Europe
100%
Pays France
100%
Planète Terre
100%
Région Nouvelle-Aquitaine
88%
Ville Bordeaux
80%
Département Gironde
77%
Quartier Bordeaux Centre
24%
Rue Rue Sainte-Catherine
15%
Aucun quiz correspondant
Distribution des résultats
% des personnes avec chaque résultat
Percentile par nombre de réponses
Votre historique - résultats
Vous n’avez pas pris ce quiz